Physique des solides

Đã lưu trong:
書目詳細資料
主要作者: Ashcroft, N. W
格式: 圖書
語言:Vietnamese
出版: EDP sciences 2002
標簽: 添加標簽
沒有標簽, 成為第一個標記此記錄!
Thư viện lưu trữ: Mạng thư viện Đại học Đà Nẵng
LEADER 00655nam a2200253 4500
001 000021603
003 18051
005 20150422100454.0
008 150422s2002 viesd
020 |c 00 
041 0 |a vie 
082 1 4 |a 530,41  |b AS-N 
100 1 |a Ashcroft, N. W 
245 1 0 |a Physique des solides  |c N.W. Ashcroft, N.D. Mermin ; traduit par Franck Biet, Hamid Kachkachi 
260 |b EDP sciences  |c 2002 
300 |a tr.  |c cm. 
OWN |a LSP 
999 |a From the UDN01 
TYP |a Monograph 
TYP |a Printed language 
980 |a Mạng thư viện Đại học Đà Nẵng